000
00272nam a2200121Ia 4500
008
190216s9999||||xx |||||||||||||| ||und||
100
_a
Hall&Amp;Knight
245
0
_a
Higher Algebra
260
_b
Arihant Prakashan
300
_a
553
650
_a
Mathematics
942
_c
BK
999
_c
32204
_d
32204